Country Flags with Plants - Statistics

General Stats
  • This quiz has been taken 26 times
  • The average score is 19 of 24
Answer Stats
Picture Answer % Correct
Canada
100%
Lebanon
100%
Spain
96%
Afghanistan
91%
Dominica
91%
Mexico
91%
San Marino
91%
Dominican Republic
87%
Haiti
87%
Brunei
83%
Fiji
83%
Montenegro
83%
Paraguay
83%
Belize
78%
Cyprus
74%
Ecuador
74%
Moldova
74%
Nicaragua
74%
El Salvador
70%
Guatemala
70%
Equatorial Guinea
65%
Vanuatu
65%
Eritrea
57%
Grenada
57%
No matching quizzes found
Score Distribution
Percent of People with Each Score
Percentile by Number Answered
Your Score History
You have not taken this quiz